| 000 | 00480nam a22001337a 4500 | ||
|---|---|---|---|
| 008 | 160414b xxu||||| |||| 00| 0 eng d | ||
| 082 |
_22005 _aUT 0134 _bD35 |
||
| 100 |
_95607 _ade Borja, Fleur-de-Liz B. |
||
| 245 |
_aLeadership services of Barangay Mabila, Sarangani, Davao del Sur/ _cFleur-de-Liz B. de Borja. |
||
| 260 |
_aDigos City: _bUMDC _cMarch 2005. |
||
| 300 |
_a70 pages; _c28 cm. |
||
| 650 | 0 |
_95608 _aLiberal Arts _vPolitical Science _xUndergraduate thesis. |
|
| 942 |
_2ddc _cUT |
||
| 999 |
_c1769 _d1769 |
||